Les fouilles archeologiques de Kerma (Soudan) /

محفوظ في:

المؤلف الرئيسي: Bonnet, Charles (مؤلف)

التنسيق: كتاب

اللغة: French

منشور في: Genava : Musée d'art et d'histoire, 1984.

الموضوعات:

الوسوم: إضافة وسم

لا توجد وسوم, كن أول من يضع وسما على هذه التسجيلة!

رقم الطلب: DT154 .K B71 1984

LEADER 00615namaa2200205 4500
001 14236
003 OSt
005 20250803115752.0
008 130303s1984 sz 000 0 fre d
040 |c ARCE Library 
050 4 |a DT154 .K B71 1984 
100 1 |a Bonnet, Charles,  |e author 
245 1 4 |a Les fouilles archeologiques de Kerma (Soudan) /  |c par Charles Bonnet. 
264 1 |a Genava :  |b Musée d'art et d'histoire,  |c 1984. 
300 |a 42 pages ;  |c 26 cm. 
500 |a Genava, 1984-01, Vol.32, p.5-20. 
650 0 |a Kerma (Soudan, république soudanaise)  |9 8106 
901 |a reviewed 
942 |c BK  |2 lcc 
999 |c 15016  |d 15016